ARRUPE JESUIT UNIVERSITY

CORONAVIRUS -STOP THE SPREAD - CLEAN,DISINFECT,COVER
Normal view MARC view

Entry Personal Name

Number of records used in: 2

001 - CONTROL NUMBER

  • control field: 1281

003 - CONTROL NUMBER IDENTIFIER

  • control field: ARRUPE

005 - DATE AND TIME OF LATEST TRANSACTION

  • control field: 20130925165038.0

008 - FIXED-LENGTH DATA ELEMENTS

  • fixed length control field: 130925|| aca||aabn | a|a d

040 ## - CATALOGING SOURCE

  • Original cataloging agency: ARRUPE
  • Transcribing agency: ARRUPE

100 ## - HEADING--PERSONAL NAME

  • Personal name: Bouyer, Louis,
  • Dates associated with a name: 1913-2004.

670 ## - SOURCE DATA FOUND

  • Source citation: Work cat.: (ARRUPE)0: Bouyer, Louis, 1913-2004., The Word, church, and sacraments in Protestantism and Catholicism., 1961.

 

Arrupe Library. PO Box MP320 Mt Pleasant, Harare, Zimbabwe
263 242 745411|librarian@aju.ac.zw